000
00255nam a2200097Ia 4500
008
220204s9999 xx 000 0 und d
082
_a
621.3(035)
_b
TAM
245
0
_a
Power engineering handbook
260
_a
Madras
_b
Tamil Nadu Electricity Board
942
_c
BK
999
_c
28687
_d
28687